Olympic Members that Aren't Countries - Statistics

General Stats
  • This quiz has been taken 101 times
  • The average score is 5 of 11
Answer Stats
Answer % Correct
Palestine
63%
Puerto Rico
54%
U.S Virgin Islands
52%
Hong Kong
49%
Bermuda
44%
Guam
43%
Aruba
38%
American Samoa
36%
British Virgin Islands
35%
Cook Islands
27%
Cayman Islands
23%
No matching quizzes found
Score Distribution
Percent of People with Each Score
Percentile by Number Answered
Your Score History
You have not taken this quiz